Statistiques concernant Quiz sur le Pakistan

Cliquez ici pour prendre le quiz!

Statistiques générales

  • Ce quiz a été pris 987 fois
  • Le résultat moyen est 11 sur 20

Statistiques - réponses

QuestionRéponse% Correct
CapitaleIslamabad
95%
Le seul pays ayant plus de
musulmans que le Pakistan
Indonésie
85%
Sport le plus populaireCricket
83%
Deux éléments qui figurent sur le drapeauCroissant
73%
Deux éléments qui figurent sur le drapeauÉtoile
72%
Langues officiellesAnglais
72%
Deux villes les plus peupléesKarachi
70%
Pays qui formait le « Pakistan Oriental »Bangladesh
66%
Deuxième plus haut sommet sur Terre,
partagé par le Pakistan et la Chine
K2
66%
Région également revendiquée
par l'Inde et la Chine
Cachemire
66%
Le Pakistan borde cette merMer {d'Arabie}
52%
Deux villes les plus peupléesLahore
48%
Langues les plus parléesPachto
46%
Plus long fleuve, berceau de
l'une des premières civilisations
Indus
41%
Langues officiellesOurdou
34%
Région partagée avec l'Iran
qui couvre 40% du Pakistan
{Baloutchi}stan
22%
Langues les plus parléesPendjabi
20%
L'animal national du Pakistan
est le Markhor, une espèce de...
Chèvre
18%
Sport national officielHockey sur gazon
15%
Fondateur du PakistanMuhammad
Ali Jinnah
10%

Distribution des résultats

Percentile par nombre de réponses

% des personnes avec chaque résultat

Votre développement - résultats

Vous n’avez pas pris ce quiz